Dialogando la Justicia Comunal : (Record no. 23336)

000 -CABECERA
fixed length control field 01896nam a22002537i 4500
003 - IDENTIFICADOR DEL NÚMERO DE CONTROL
control field AR-CdUCM
008 - DATOS DE LONGITUD FIJA--INFORMACIÓN GENERAL
fixed length control field 250724b20142014 pe||||| |||| 00| 0 spa d
040 ## - FUENTE DE LA CATALOGACIÓN
Agencia/entidad que catalogó originalmente la obra MUNICIPALIDAD PROVINCIAL DEL CUSCO
Entidad que transcribió la catalogación BIBLIOTECA MUNICIPAL DEL CUSCO
082 ## - NÚMERO DE LA CLASIFICACIÓN DECIMAL DEWEY
No. de Clasificación 340.4 / S13
Notacion interna S13
100 ## - ENTRADA PRINCIPAL--NOMBRE DE PERSONA
Nombre Personal Saco Chung, Urpi - Condori Lope, Juan de Dios
245 ## - MENCIÓN DE TÍTULO
Título Dialogando la Justicia Comunal :
Resto del título Reflexiones sobre la experiencia en Pampacamara y Umato, Cusco /
260 ## - PUBLICACIÓN, DISTRIBUCIÓN, ETC.
Lugar de publicación, distribución, etc. Cusco :
Nombre de la editorial, distribuidor, etc. Editorial Gráfica Bartolomé de las Casas S.A.C.
Fecha de publicación, distribución, etc. 2014
300 ## - DESCRIPCIÓN FÍSICA
Nº de Páginas Extensión 95 páginas. :
Dimensiones 21 x15 cm.
505 ## - NOTA DE CONTENIDO CON FORMATO
Nota de contenido formateada Justicia comunal, la justicia estatal -- La interculturalidad y el Diálogo -- Nuestras dificultades -- Historia de la justicia -- Las instituciones no gubernamentales -- Los usos y costumbres
650 ## - PUNTO DE ACCESO ADICIONAL DE MATERIA--TÉRMINO DE MATERIA
Descriptor Justicia comunal
9 (RLIN) 51293
650 ## - PUNTO DE ACCESO ADICIONAL DE MATERIA--TÉRMINO DE MATERIA
Descriptor El Varayoq
9 (RLIN) 51294
650 ## - PUNTO DE ACCESO ADICIONAL DE MATERIA--TÉRMINO DE MATERIA
Descriptor Relaciones interpersonales
9 (RLIN) 51295
650 ## - PUNTO DE ACCESO ADICIONAL DE MATERIA--TÉRMINO DE MATERIA
Descriptor relaciones de manutención
9 (RLIN) 51296
650 ## - PUNTO DE ACCESO ADICIONAL DE MATERIA--TÉRMINO DE MATERIA
Descriptor
9 (RLIN) 51297
856 ## - LOCALIZACIÓN Y ACCESO ELECTRÓNICOS
Dirección electrónica www.cbc.org.pe
942 ## - ELEMENTOS DE PUNTO DE ACCESO ADICIONAL (KOHA)
Fuente de clasificación
Tipo de item Libros-BMC
945 ## - PROCESAMIENTO DE INFORMACIÓN LOCAL (OCLC)
Catalogador pbjr
AAAA-MM-DD - Fecha de ingreso o modificacion 24-07-2025
Holdings
Estado de retiro (separado) Fuente de clasificación o esquema de estanterías Estado dañado Ubicación Sala donde se ubica Nombre de la colección Fecha de adquisición o compra Fuente de adquisición Costo, precio normal en soles Signatura topográfica Código de Barras Última vez visto (Koha) Tipo de ítem (Koha)
No     Sala Humanidades Sala Humanidades Book Cart 2025-07-24 Depósito legal 10.00 340.4 / S13 SH0000016946 2025-07-24 Libros-BMC

Powered by Koha